Arizona Cardinals All Time Leaders - Statistics

General Stats
  • This quiz has been taken 55 times
    52 since last reset
  • The average score is 4 of 8
Answer Stats
Stat Num Answer Years % Correct
ReceivingYards 17,492 Larry Fitzgerald 2004-20
95%
Sacks 71.5 Chandler Jones 2016-21
73%
PassingYards 34,639 Jim Hart 1966-83
63%
RushingYards 7,999 Ottis Anderson 1976-86
54%
Interceptions 52 Larry Wilson 1960-72
37%
Solo Tackles 785 Eric Hill 1989-97
10%
Field GoalsMade 282 Jim Bakken 1962-78
10%
Total Points 1,380 Jim Bakken 1962-78
10%
No matching quizzes found
Score Distribution
Percent of People with Each Score
Percentile by Number Answered
Your Score History
You have not taken this quiz since the last reset